Beatificationis et canonizationis servae dei Paulae Montal Fornés (in relig.: Paula a Sancto Josepho Calasanctio) (Record no. 17708)
[ view plain ]
| 000 -LEADER | |
|---|---|
| campo de control de longitud fija | 00760nam a2200169 i 4500 |
| 001 - NÚMERO DE CONTROL | |
| campo de control | 17708 |
| 003 - IDENTIFICADOR DE NÚMERO DE CONTROL | |
| campo de control | ES-MaACL |
| 007 - CAMPO FIJO DE DESCRIPCIÓN FÍSICA--INFORMACIÓN GENERAL | |
| campo de control de longitud fija | t| |
| 008 - DATOS DE LONGITUD FIJA--INFORMACIÓN GENERAL | |
| campo de control de longitud fija | 010508s1985 it ||||1| spa d |
| 080 ## - NÚMERO DE LA CLASIFICACIÓN DECIMAL UNIVERSAL | |
| Número de la Clasificación Decimal Universal | 929 Paula Montal, Beata |
| 245 00 - MENCIÓN DEL TÍTULO | |
| Título | Beatificationis et canonizationis servae dei Paulae Montal Fornés (in relig.: Paula a Sancto Josepho Calasanctio) |
| Resto del título | : fundatricis pii instituti filiarum Mariae Scholarum Piarum : positio super virtutibus ex officio concinnata. |
| 260 ## - PUBLICACIÓN, DISTRIBUCIÓN, ETC. | |
| Lugar de publicación, distribución, etc. | Romae : |
| Nombre del editor, distribuidor, etc. | Sacra Congregatio pro Causis Sanctorum, |
| Fecha de publicación, distribución, etc. | 1985. |
| 300 ## - DESCRIPCIÓN FÍSICA | |
| Extensión | CXXXI, 997 p. : |
| Otras características físicas | 12 p. de lám. ; |
| Dimensiones | 33 cm. |
| 600 14 - PUNTO DE ACCESO ADICIONAL DE MATERIA--NOMBRE DE PERSONA | |
| Nombre de persona | Paula Montal |
| Títulos y otros términos asociados al nombre | Beata- |
| Subdivisión general | Canonización. |
| 9 (RLIN) | 89643 |
| 710 1# - ENTRADA AGREGADA--NOMBRE DE ENTIDAD CORPORATIVA | |
| Nombre de entidad corporativa o nombre de jurisdicción como elemento de entrada | Iglesia Católica. |
| Unidad subordinada | Congregatio pro Causis Sanctorum. |
| 9 (RLIN) | 4662 |
| 852 ## - LOCALIZACIÓN | |
| Ubicación | ES-MaACL |
| Número de control de estantería | B-14 |
| Sublocalización o colección | R.111425 |
| Estatus retirado | Estado de pérdida | Estado de daño | No para préstamo | Biblioteca de origen | Biblioteca actual | Ubicación en estantería | Fecha de adquisición | Fuente de adquisición | Total de préstamos | Signatura topográfica completa | Código de barras | Visto por última vez | Precio de reemplazo | Tipo de ítem Koha |
|---|---|---|---|---|---|---|---|---|---|---|---|---|---|---|
| Biblioteca del Ateneo de Madrid | Biblioteca del Ateneo de Madrid | Sala Pardo Bazán | 17/01/2008 | B-14 | 1018064 | 23/02/2023 | 23/02/2023 | Libro impreso |
